Universe
Wedi'i Gadw mewn:
| Prif Awdur: | |
|---|---|
| Fformat: | Llyfr |
| Iaith: | English |
| Cyhoeddwyd: |
New York :
W.H. Freeman,
1999.
|
| Rhifyn: | 5th ed. |
| Pynciau: | |
| Tagiau: |
Ychwanegu Tag
Dim Tagiau, Byddwch y cyntaf i dagio'r cofnod hwn!
|
| Thư viện lưu trữ: | Mạng thư viện Đại học Đà Nẵng |
|---|
| LEADER | 00867cmm a2200349 a 4500 | ||
|---|---|---|---|
| 001 | 000045923 | ||
| 003 | 5142 | ||
| 005 | 20060126111746.0 | ||
| 008 | 010220b1999 vm 000 eng | ||
| 020 | |a 0716734141 | ||
| 040 | |a IRC |c IRC |d IRC | ||
| 041 | 0 | |a eng | |
| 082 | 1 | 4 | |a 523 |b KA-W |
| 100 | 1 | |a Kaufmann, William J. | |
| 245 | 0 | 0 | |a Universe |h [Compact Disk - Đĩa Compact] / |c William J. Kaufmann. |
| 250 | |a 5th ed. | ||
| 260 | |a New York : |b W.H. Freeman, |c 1999. | ||
| 300 | |a 1 CD ; |c 4 3/4 in. | ||
| 630 | 0 | 4 | |a Astronomy. |
| 630 | 0 | 4 | |a Cosmology. |
| 650 | 0 | 4 | |a Astronomy |x Software. |
| 650 | 0 | 4 | |a Cosmology |x Software. |
| OWN | |a DUT | ||
| 999 | |a From the UDN01 | ||
| TYP | |a Computer file | ||
| TYP | |a Monograph | ||
| 980 | |a Mạng thư viện Đại học Đà Nẵng | ||


